000 00994nam a2200229Ia 4500
001 L221-4779
003 IT-CnALBA
008 170116s9999||||xx |||||||||||||| ||und||
040 _aIT-CnALBA
_cIT-CnALBA
041 _aITALIANO
100 _aBIANELLI PIETRO
245 0 _aMETAFORA SVELATA. VERITÀ DI MOSÈ. IL PARADISO TERRESTRE.
250 _a1a ed.
260 _bSTABILIMENTO TIPOG. REGGIANI E. MILANO'
_c1908 [1° Ed.:1908 - Ed.Ling.Originale: 1908]
300 _a290 p.
500 _aIL PECCATO. IL CHERUBINO. NOTA: IL SEDICESIMO N. 9 DI QUESTO DOCUMENTO È CUCITO CAPOVOLTO. SENSUALITÀ E PECCATO. ERMENEUTICA DEL RACCONTO.
501 _aSocietà San Paolo EM - Piazza San Paolo, 14 - 12051 ALBA (CN) (non commercial uses only) ® Copyright 2017
520 _aIL PECCATO. IL CHERUBINO. NOTA: IL SEDICESIMO N. 9 DI QUESTO DOCUMENTO È CUCITO CAPOVOLTO. SENSUALITÀ E PECCATO. ERMENEUTICA DEL RACCONTO.
650 _aANTICO TESTAMENTO
942 _cBK
957 _71
999 _a5762
_bSI
_g Copie: 1
_c263970
_d263970